000 00650nam a2200229Ia 4500
003 OSt
005 20221006164632.0
006 a|||||r|||| 00| 0
007 ta
008 221006b |||||||| |||| 00| 0 eng d
024 _a1,907
037 _cAnnuals, Advances
040 _aFML
_cFML
_beng
041 _2eng
_aeng
082 _aY:354.2, N1
100 _aOman John Campbell Au.
_9677961
245 0 _aCults, Customs and Superstitions of India
260 _aDelhi
_bIndian Bibliographic Bureau
_c1991
300 _a336
_ccm.
942 _hY:354.2, N1
_cREF
_2CC
999 _c1117929
_d1117929